[Event "Warsaw Szansa rapid op"]
[Site "Warsaw"]
[Date "2023.09.17"]
[Round "1"]
[White "Malicka, Maria"]
[Black "Dziolko, Wiktor"]
[Result "1-0"]
[WhiteElo "2218"]
[BlackElo "1294"]
[PlyCount "75"]
[EventDate "2023.09.17"]
[EventType "swiss (rapid)"]
[EventRounds "9"]
[EventCountry "POL"]
[SourceTitle "CBM 216 Extra"]
[Source "ChessBase"]
[SourceDate "2023.11.30"]
[SourceVersion "1"]
[SourceVersionDate "2023.11.30"]
[SourceQuality "1"]

1. e4 c6 2. Nc3 d5 3. Nf3 dxe4 4. Nxe4 Nf6 5. Qe2 Nxe4 6. Qxe4 Nd7 7. Bc4 e6 8. d4 Nf6 9. Qe2 Be7 10. Bg5 c5 11. 0-0-0 0-0 12. h4 Qc7 13. h5 h6 14. Be3 a6 15. dxc5 Bxc5 16. Bxc5 Qxc5 17. Ne5 b5 18. Bd3 Bb7 19. Rhg1 b4 20. g4 b3 21. axb3 Nh7 22. f4 Bd5 23. Bxh7+ Kxh7 24. Nd7 Qa5 25. Nxf8+ Rxf8 26. Qd3+ Kg8 27. Qc3 Qb6 28. g5 hxg5 29. h6 gxh6 30. fxg5 h5 31. Qf6 Be4 32. g6 fxg6 33. Rxg6+ Bxg6 34. Qxg6+ Kh8 35. Qxh5+ Kg7 36. Qg5+ Kf7 37. Rd7+ Ke8 38. Qe7# 1-0

[Event "Warsaw YMCA Summer-B 277th"]
[Site "Warsaw"]
[Date "2023.08.10"]
[Round "10"]
[White "Dziolko, Wiktor"]
[Black "Kozak, Jan"]
[Result "1-0"]
[WhiteElo "1225"]
[BlackElo "1316"]
[PlyCount "39"]
[EventDate "2023.07.04"]
[EventType "tourn"]
[EventRounds "10"]
[EventCountry "POL"]
[SourceTitle "EXT 2024"]
[Source "ChessBase"]
[SourceDate "2023.10.10"]
[SourceVersion "1"]
[SourceVersionDate "2023.10.10"]
[SourceQuality "1"]

1. d4 f5 2. e4 fxe4 3. Nc3 Nf6 4. Bg5 e6 5. Nxe4 Be7 6. Bxf6 Bxf6 7. Nf3 Nc6 8. c3 b6 9. Qc2 Bb7 10. Bd3 h6 11. 0-0-0 Qe7 12. Nxf6+ gxf6 13. d5 Ne5 14. Nxe5 fxe5 15. Bg6+ Kd8 16. dxe6 d6 17. Bf7 Bxg2 18. Rhg1 Bh3 19. Qg6 Kc8 20. Rg3 1-0

[Event "Warsaw YMCA Summer-B 277th"]
[Site "Warsaw"]
[Date "2023.07.25"]
[Round "5"]
[White "Kozak, Jan"]
[Black "Dziolko, Wiktor"]
[Result "0-1"]
[WhiteElo "1316"]
[BlackElo "1225"]
[PlyCount "68"]
[EventDate "2023.07.04"]
[EventType "tourn"]
[EventRounds "10"]
[EventCountry "POL"]
[SourceTitle "EXT 2024"]
[Source "ChessBase"]
[SourceDate "2023.10.10"]
[SourceVersion "1"]
[SourceVersionDate "2023.10.10"]
[SourceQuality "1"]

1. c4 e6 2. Nf3 Nf6 3. g3 d5 4. d4 dxc4 5. Qa4+ Bd7 6. Qxc4 Bd6 7. Bg2 h6 8. 0-0 c6 9. Re1 Qe7 10. e4 e5 11. dxe5 Bxe5 12. Nxe5 Qxe5 13. Nc3 0-0 14. Bf4 Qe6 15. Qb4 Na6 16. Qxb7 Nc5 17. Qc7 Ne8 18. Qe5 Qxe5 19. Bxe5 Nd3 20. Bxg7 Nxg7 21. Red1 Ne5 22. f4 Bg4 23. Rd6 Ng6 24. h3 Bc8 25. Rxc6 Rb8 26. Nd5 Rxb2 27. f5 Bb7 28. fxg6 Bxc6 29. Ne7+ Kh8 30. Nxc6 fxg6 31. Ne5 Kh7 32. Nf3 a5 33. a4 Nh5 34. Kh2 Rxf3 0-1